| 000 | 00498nam a2200169Ia 4500 | ||
|---|---|---|---|
| 003 | SGT | ||
| 020 | _a8174090487 | ||
| 082 |
_a620.112 _bSIN |
||
| 100 | _aSingh,Sadhu | ||
| 245 | _aStrength of Materials | ||
| 250 | _a10th Ed. | ||
| 260 |
_bKhanna Publishers _aDelhi _c2011 |
||
| 300 | _a1210p. | ||
| 650 | _aMECHANICAL ENGINEERING | ||
| 653 | _aSIMPLE STRESSES AND STRAINS , COMPOSITE SYSTEMS AND TEMPERATURE STRESSES, COMPLEX AND PRINCIPAL STRESSES, THIN PRESSURE VESSELS | ||
| 942 |
_2ddc _cBK _06 |
||
| 999 |
_c5319 _d5319 |
||